Análisis de los factores que inciden en el inadecuado traslado de productos en la ruta Managua Rio Blanco Puerto Cabezas, en el periodo 2012

Presenta el Análisis de los factores que inciden en el inadecuado traslado de productos en la ruta Managua –Rio Blanco – Puerto Cabezas, en el periodo 2012, se realizó una investigación con el objetivo de identificar la situación del transporte y sus efectos en el traslado de productos así como...

Full description

Bibliographic Details
Main Author: Medal Mendoza, Oscar
Other Authors: Tutor: Sánchez Espinoza, Juan R.
Format: Tesis Section = Libro
Language:Undetermined
Spanish
Published: Managua UNI 2014
Subjects:
LEADER 01255nam a2200253Ia 4500
008 240830s9999 xx 000 0 und d
040 |a BIBLIOTECA-RUPAP T.Mon 388 M488 
041 |a spa 
082 |a T.Mon 388 M488 
100 1 |a Medal Mendoza, Oscar 
245 1 0 |a Análisis de los factores que inciden en el inadecuado traslado de productos en la ruta Managua Rio Blanco Puerto Cabezas, en el periodo 2012 
260 |a Managua  |b UNI  |c 2014 
300 |a 99 p. :il. 
500 |a Contiene: anexos e Incluye: CD. 
502 |a Tesis (Ingeniero de Sistemas)- UNI, 2014. 
520 3 |a Presenta el Análisis de los factores que inciden en el inadecuado traslado de productos en la ruta Managua –Rio Blanco – Puerto Cabezas, en el periodo 2012, se realizó una investigación con el objetivo de identificar la situación del transporte y sus efectos en el traslado de productos así como las causas y efectos de la problemática y proponer una posible respuesta a esta problemática. 
650 7 |a TRANSPORTE TERRESTRE - NICARAGUA 
650 7 |b TRANSPORTE Y COMUNICACIÓN 
650 7 |c TRANSPORTE DE CARGA 
650 7 |e REDES VIALES - DISEÑO 
700 1 |a Tutor:  |b Sánchez Espinoza, Juan R. 
942 |c BK  |2 ddc 
991 |a TESIS 
999 |c 18121